| Tag |
First Indicator |
Second Indicator |
Subfields |
| LEADER |
00000cam a2200000 4500 |
| 001 |
in00000095721 |
| 005 |
20150925085558.0 |
| 008 |
710316s1970 arua b 00010 eng |
| 010 |
|
|
|a 77633695
|
| 035 |
|
|
|a (OCoLC)00129684
|
| 035 |
|
|
|9 AAL1938AM
|
| 040 |
|
|
|a DLC
|c DLC
|d TXA
|d UtOrBLW
|
| 049 |
|
|
|a TXAM
|c [1125131]
|
| 050 |
0 |
0 |
|a TA7
|b .A73 no. 19
|
| 082 |
0 |
|
|a 620/.008 s
|
| 100 |
1 |
|
|a Byers, J. K.
|
| 245 |
1 |
0 |
|a User manual for evaluating the mean and variance of the system reliability /
|c [by] J. K. Byers, M. D. Springer [and] R. W. Skeith.
|
| 264 |
|
1 |
|a [Fayetteville, Ark.],
|b [publisher not identified] ;
|c [1970]
|
| 300 |
|
|
|a 69 leaves :
|b illustrations ;
|c 28 cm.
|
| 336 |
|
|
|a text
|b txt
|2 rdacontent
|
| 337 |
|
|
|a unmediated
|b n
|2 rdamedia
|
| 338 |
|
|
|a volume
|b nc
|2 rdacarrier
|
| 490 |
1 |
|
|a University of Arkansas. Engineering Experiment Station. Research report series no. 19
|
| 504 |
|
|
|a Bibliography: leaves [67]-69.
|
| 650 |
|
0 |
|a Reliability (Engineering)
|x Data processing.
|
| 700 |
1 |
|
|a Springer, M. D.
|q (Melvin Dale),
|d 1918-
|
| 700 |
1 |
|
|a Skeith, Ronald W.
|
| 830 |
|
0 |
|a Research report series (University of Arkansas. Engineering Experiment Station) ;
|v no. 19.
|
| 999 |
|
|
|a MARS
|
| 999 |
f |
f |
|s 40b4ddac-9c22-3746-a1cc-62809e025c33
|i 0278f705-2b86-3a80-be75-69f14ce1fb55
|t 0
|
| 952 |
f |
f |
|p ric
|a Texas A&M University
|b Rellis Campus
|c Joint Library Facility
|d Remote Storage
|t 0
|e TA7 .A73 no. 19
|h Library of Congress classification
|i unmediated -- volume
|m A14805284664
|
| 998 |
f |
f |
|a TA7 .A73 no. 19
|t 0
|l Remote Storage
|